Improving environmental performance (Record no. 105974)

MARC details
000 -LEADER
fixed length control field 01574cam a2200205 4500
001 - CONTROL NUMBER
control field ##L135271
008 - FIXED-LENGTH DATA ELEMENTS--GENERAL INFORMATION
fixed length control field 061009n2006 000 0 eng u
035 ## - SYSTEM CONTROL NUMBER
System control number (Sirsi) u135271
041 0# - LANGUAGE CODE
Language code of text/sound track or separate title eng
050 04 - LIBRARY OF CONGRESS CALL NUMBER
Classification number 333.72 $2 18
110 2# - MAIN ENTRY--CORPORATE NAME
Corporate name or jurisdiction name as entry element England and Wales
Subordinate unit Environment Agency
9 (RLIN) 2469
245 00 - TITLE STATEMENT
Title Improving environmental performance
Remainder of title sector plan for the waste management industry
260 ## - PUBLICATION, DISTRIBUTION, ETC.
Place of publication, distribution, etc. Bristol
Name of publisher, distributor, etc. Environment Agency
Date of publication, distribution, etc. 2006
520 ## - SUMMARY, ETC.
Summary, etc. The sector plan for the waste management industry in England Wales looks particularly at how to drive businesses to improve their environmental performance. It has been produced in collaboration with the industry and the Environmental Services Association. Provides operators and the Environment Agency with a strategic framework within which to work to achieve both environmental and operational benefits. The overall aim of this plan is to develop more sustainable waste management in England and Wales through effective management control and regulation of the industry. An action plan will be developed to set out the steps to be taken and how progress will be monitored.
590 ## - LOCAL NOTE (RLIN)
Local note IKA171006
651 #4 - SUBJECT ADDED ENTRY--GEOGRAPHIC NAME
Geographic name England and Wales
Chronological subdivision 1543-
690 ## - LOCAL SUBJECT ADDED ENTRY--TOPICAL TERM (OCLC, RLIN)
Topical term or geographic name as entry element ENVIRONMENTAL AND LAND CONSULTANCY-ENVIRONMENTAL MANAGEMENT
856 40 - ELECTRONIC LOCATION AND ACCESS
Uniform Resource Identifier <a href="https://publications.environment-agency.gov.uk/epages/eapublications.storefront/452a49c500de3b70273fc0a802960680/Search/Run?Attributes=1005&1005=19&SearchCombination=And&Attributes=1027&1027=Y&Listheader=Waste">https://publications.environment-agency.gov.uk/epages/eapublications.storefront/452a49c500de3b70273fc0a802960680/Search/Run?Attributes=1005&1005=19&SearchCombination=And&Attributes=1027&1027=Y&Listheader=Waste</a>
Hours access method available View the sector plan free of charge at www.environment-agency.gov.uk...
942 ## - ADDED ENTRY ELEMENTS (KOHA)
Suppress in OPAC 0
Holdings
Withdrawn status Lost status Source of classification or shelving scheme Damaged status Not for loan Home library Current library Shelving location Date acquired Total Checkouts Full call number Barcode Date last seen Copy number Price effective from Koha item type
    Dewey Decimal Classification     Virtual Virtual Online 09/10/2006   ONLINE PUBLICATION 135271-2001 06/08/2019 1 06/08/2019 Book